Fr. Conceicao Rodrigues College of Engineering

Elements of Applied Mathematics (Record no. 29815)

MARC details
000 -LEADER
fixed length control field 00330nam a2200157Ia 4500
082 ## - DEWEY DECIMAL CLASSIFICATION NUMBER
Classification number 519
Item number WAR
100 ## - MAIN ENTRY--PERSONAL NAME
Personal name Wartikar
245 ## - TITLE STATEMENT
Title Elements of Applied Mathematics
260 ## - PUBLICATION, DISTRIBUTION, ETC.
Name of publisher, distributor, etc. Pune vidyarthi griha
Place of publication, distribution, etc. Pune
Date of publication, distribution, etc. 1977
300 ## - PHYSICAL DESCRIPTION
Extent 924
490 ## - SERIES STATEMENT
Volume/sequential designation I
546 ## - LANGUAGE NOTE
Language note ENGLISH
654 ## - SUBJECT ADDED ENTRY--FACETED TOPICAL TERMS
Focus term Mathematics
942 ## - ADDED ENTRY ELEMENTS (KOHA)
Koha item type BOOK
Holdings
Withdrawn status Lost status Damaged status Not for loan Collection Home library Current library Date acquired Total Checkouts Full call number Barcode Date last seen Price effective from Koha item type
        CRC Fr. Agnel's C.Rodrigues College of Engineering Fr. Agnel's C.Rodrigues College of Engineering 17/03/2023   519 WAR 10671 17/03/2023 17/03/2023 BOOK